Guess the Set It Off Song by the Lyrics - Statistics

General Stats
  • This quiz has been taken 48 times
  • The average score is 11 of 18
Answer Stats
First Line(s) Song % Correct
Sick of hearing this "hakuna matata" motto from people who won the lotto, we're not that lucky Why Worry
95%
I'm sorry, did I just make you feel upset? Wanna add a habit and light about 30 cigarettes? Hypnotized
84%
Okay, we get it, you're both a happy couple, why else go through the troubleOf posting it ten times a day? N.M.E.
74%
You sink your teeth into people you depend on, infecting everyone, you're quite the problem Wolf in Sheep's Clothing
74%
He wore all the wrong clothes, followed all the wrong trends, persecuted for the things he did Horrible Kids
66%
Someday you may find that picture perfect guy, and I'll chase my words with poison The Haunting
66%
It's been ten months and 20 days, I've been wonderin' the same damn things Why Do I
66%
It's an art form of consummate skill, oh, how she plays them like the pawn I'd Rather Drown
63%
Bite down, right now, feel the blade draw the blood from the roof of your mouthBite down, right now Rotten
63%
These days I'm good, these days I'm fine, these days I'd rather pay no mind Lonely Dance
61%
You're a sick, persistent virus under my skin, rather set myself on fire than let you in Punching Bag
58%
Stop there and peer inside of me, you'll find a man once lost at sea Kill the Lights
55%
Falling on my back, can feel my heart start beating faster, when you tell me to relax you light the match Loose Cannon
55%
I project pain with the frame that I maintain, pulling on chains, wanna break what I can't change Skeleton
55%
You try to act as if you're saving me, but you wouldn't cut the rope if it was hanging me Dancing with the Devil
53%
Should I turn on the floodlights to shine in your eyes, just to get you to speak and explain why you let it die Swan Song
45%
Don't try to defy or even make an attempt, my blinders are off and I am runnin' again Plastic Promises
26%
No, nobody can relieve me of my ghosts, but I refuse to let em define my soul Life Afraid
24%
No matching quizzes found
Score Distribution
Percent of People with Each Score
Percentile by Number Answered
Your Score History
You have not taken this quiz